[Event "V4 OPEN - International Championship of Slovakia 2
[Site "Banska Stiavnica"]
[Date "2013.07.13"]
[Round "8"]
[Board "7"]
[White "Petrik, Tomas"]
[Black "Nemeth, Denes"]
[Result "1-0"]
[WhiteElo "2512"]
[BlackElo "2257"]
[PlyCount "0"]
[EventDate "2013.07.06"]
[EventRounds "9"]
[EventCountry "SVK"]

1. e4 {[%clk 1:22:52]} c5 {[%clk 1:30:46]} 2. Nf3 {[%clk 1:23:02]} d6
{[%clk 1:31:05]} 3. d4 {[%clk 1:23:18]} cxd4 {[%clk 1:31:29]} 4. Nxd4
{[%clk 1:23:44]} Nf6 {[%clk 1:31:47]} 5. Nc3 {[%clk 1:23:59]} g6 {[%clk 1:32:08]}
6. Be3 {[%clk 1:23:43]} Bg7 {[%clk 1:32:32]} 7. f3 {[%clk 1:23:54]} O-O
{[%clk 1:32:54]} 8. Qd2 {[%clk 1:22:14]} Nc6 {[%clk 1:33:17]} 9. O-O-O
{[%clk 1:22:10]} Bd7 {[%clk 1:33:34]} 10. g4 {[%clk 1:16:21]} Rc8
{[%clk 1:33:39]} 11. h4 {[%clk 1:15:56]} Ne5 {[%clk 1:33:53]} 12. Kb1
{[%clk 1:13:37]} Qa5 {[%clk 1:08:04]} 13. Be2 {[%clk 1:10:40]} Nc4
{[%clk 1:05:33]} 14. Bxc4 {[%clk 1:04:22]} Rxc4 {[%clk 1:05:57]} 15. Nb3
{[%clk 1:04:36]} Qc7 {[%clk 1:03:00]} 16. e5 {[%clk 0:58:26]} Ne8
{[%clk 0:53:07]} 17. Nd5 {[%clk 0:43:18]} Qd8 {[%clk 0:53:16]} 18. Bg5
{[%clk 0:42:11]} f6 {[%clk 0:52:16]} 19. Nxf6+ {[%clk 0:37:14]} exf6
{[%clk 0:34:49]} 20. Qd5+ {[%clk 0:34:30]} Kh8 {[%clk 0:35:08]} 21. exf6
{[%clk 0:32:01]} Qc7 {[%clk 0:33:24]} 22. fxg7+ {[%clk 0:31:55]} Kxg7
{[%clk 0:33:35]} 23. Be3 {[%clk 0:22:35]} Rf7 {[%clk 0:25:26]} 24. h5
{[%clk 0:18:26]} Nf6 {[%clk 0:20:28]} 25. Bd4 {[%clk 0:17:11]} Qc6
{[%clk 0:12:44]} 26. g5 {[%clk 0:16:41]} 1-0

[Event "V4 OPEN - International Championship of Slovakia 2
[Site "Banska Stiavnica"]
[Date "2013.07.13"]
[Round "8"]
[Board "8"]
[White "Bombek, Peter"]
[Black "Talla, Vladimir"]
[Result "1/2-1/2"]
[WhiteElo "2227"]
[BlackElo "2394"]
[PlyCount "0"]
[EventDate "2013.07.06"]
[EventRounds "9"]
[EventCountry "SVK"]

1. Nf3 {[%clk 1:30:52]} c5 {[%clk 1:23:00]} 2. c4 {[%clk 1:31:06]} Nf6
{[%clk 1:22:56]} 3. Nc3 {[%clk 1:30:49]} e6 {[%clk 1:20:06]} 4. e3
{[%clk 1:29:30]} Be7 {[%clk 1:19:01]} 5. Be2 {[%clk 1:29:35]} O-O
{[%clk 1:09:03]} 6. O-O {[%clk 1:29:29]} d5 {[%clk 1:03:45]} 7. d4
{[%clk 1:29:44]} cxd4 {[%clk 1:03:56]} 8. exd4 {[%clk 1:25:03]} Nc6
{[%clk 1:01:02]} 9. cxd5 {[%clk 1:24:33]} Nxd5 {[%clk 1:01:25]} 10. Qb3
{[%clk 1:12:34]} Nxc3 {[%clk 0:57:10]} 11. bxc3 {[%clk 1:11:04]} b6
{[%clk 0:57:30]} 12. Be3 {[%clk 1:08:00]} Bb7 {[%clk 0:55:52]} 13. c4
{[%clk 1:07:41]} Na5 {[%clk 0:51:37]} 14. Qb2 {[%clk 1:06:32]} Bxf3
{[%clk 0:50:23]} 15. gxf3 {[%clk 1:01:58]} Bd6 {[%clk 0:40:39]} 16. c5
{[%clk 0:59:55]} Bc7 {[%clk 0:37:02]} 17. cxb6 {[%clk 0:55:55]} Bxb6
{[%clk 0:34:21]} 18. Kh1 {[%clk 0:54:21]} Nc6 {[%clk 0:26:14]} 19. Rad1
{[%clk 0:52:01]} Qd5 {[%clk 0:24:28]} 20. Rg1 {[%clk 0:48:55]} Ne7
{[%clk 0:24:23]} 21. Rg3 {[%clk 0:36:38]} Nf5 {[%clk 0:22:45]} 22. Rh3
{[%clk 0:36:39]} Rad8 {[%clk 0:22:38]} 23. Bd3 {[%clk 0:36:29]} Bxd4
{[%clk 0:16:41]} 24. Qe2 {[%clk 0:31:03]} Bb6 {[%clk 0:16:18]} 25. Bxb6
{[%clk 0:23:41]} axb6 {[%clk 0:16:36]} 26. Bc2 {[%clk 0:19:46]} Qa5
{[%clk 0:12:20]} 27. Rg1 {[%clk 0:18:14]} g6 {[%clk 0:11:08]} 28. Qe4
{[%clk 0:16:58]} Rd4 {[%clk 0:09:49]} 29. Qb7 {[%clk 0:16:39]} Rd2
{[%clk 0:09:11]} 30. Bb3 {[%clk 0:15:35]} Re2 {[%clk 0:07:40]} 31. Qc7
{[%clk 0:09:33]} Re1 {[%clk 0:07:03]} 32. Rxe1 {[%clk 0:09:19]} Qxe1+
{[%clk 0:07:29]} 33. Kg2 {[%clk 0:09:46]} b5 {[%clk 0:05:42]} 34. Bc2
{[%clk 0:08:25]} Nd4 {[%clk 0:04:41]} 35. Bd3 {[%clk 0:07:44]} e5
{[%clk 0:04:28]} 36. Qe7 {[%clk 0:05:35]} Qd1 {[%clk 0:03:32]} 37. Bxg6
{[%clk 0:05:26]} hxg6 {[%clk 0:00:39]} 38. Qh4 {[%clk 0:05:40]} Kg7
{[%clk 0:00:47]} 39. Qh6+ {[%clk 0:05:54]} Kf6 {[%clk 0:01:13]} 40. Qxf8
{[%clk 0:06:13]} Ne2 {[%clk 0:00:52]} 41. Qh8+ {[%clk 0:03:28]} Kf5
{[%clk 0:29:55]} 42. Qc8+ {[%clk 0:28:33]} Kf6 {[%clk 0:28:09]} 43. Qh8+
{[%clk 0:25:05]} Kf5 {[%clk 0:28:35]} 1/2-1/2

[Event "V4 OPEN - International Championship of Slovakia 2
[Site "Banska Stiavnica"]
[Date "2013.07.13"]
[Round "8"]
[Board "10"]
[White "Gbyl, Andrzej"]
[Black "Jurcik, Martin"]
[Result "1/2-1/2"]
[WhiteElo "2174"]
[BlackElo "2358"]
[PlyCount "0"]
[EventDate "2013.07.06"]
[EventRounds "9"]
[EventCountry "SVK"]

1. d4 {[%clk 1:30:56]} d5 {[%clk 1:27:49]} 2. c4 {[%clk 1:31:00]} e6
{[%clk 1:27:59]} 3. g3 {[%clk 1:30:11]} c6 {[%clk 1:26:20]} 4. Bg2
{[%clk 1:29:49]} dxc4 {[%clk 1:26:09]} 5. Nf3 {[%clk 1:29:25]} b5
{[%clk 1:25:52]} 6. a4 {[%clk 1:29:01]} Bb7 {[%clk 1:24:40]} 7. O-O
{[%clk 1:28:57]} Nd7 {[%clk 1:24:02]} 8. b3 {[%clk 1:28:09]} cxb3
{[%clk 1:22:35]} 9. Qxb3 {[%clk 1:28:35]} a6 {[%clk 1:20:34]} 10. Nc3
{[%clk 1:27:26]} Ngf6 {[%clk 1:14:00]} 11. e4 {[%clk 1:26:31]} Be7
{[%clk 1:07:56]} 12. Ba3 {[%clk 1:22:24]} O-O {[%clk 0:53:13]} 13. Bxe7
{[%clk 1:20:08]} Qxe7 {[%clk 0:53:41]} 14. e5 {[%clk 1:20:03]} Nd5
{[%clk 0:37:30]} 15. Ne4 {[%clk 1:19:46]} c5 {[%clk 0:36:43]} 16. Nd6
{[%clk 0:54:28]} Bc6 {[%clk 0:29:08]} 17. axb5 {[%clk 0:44:18]} Bxb5
{[%clk 0:27:58]} 18. Nxb5 {[%clk 0:44:35]} axb5 {[%clk 0:28:23]} 19. Qxb5
{[%clk 0:44:42]} cxd4 {[%clk 0:26:16]} 20. Nxd4 {[%clk 0:44:50]} Rxa1
{[%clk 0:19:59]} 21. Rxa1 {[%clk 0:45:14]} Nxe5 1/2-1/2

[Event "V4 OPEN - International Championship of Slovakia 2
[Site "Banska Stiavnica"]
[Date "2013.07.13"]
[Round "8"]
[Board "11"]
[White "Vojtek, Vladimir"]
[Black "Peterson, Eric"]
[Result "1-0"]
[WhiteElo "2278"]
[BlackElo "2239"]
[PlyCount "0"]
[EventDate "2013.07.06"]
[EventRounds "9"]
[EventCountry "SVK"]

1. e4 {[%clk 1:30:57]} e6 {[%clk 1:30:55]} 2. d4 {[%clk 1:31:23]} d5
{[%clk 1:31:22]} 3. Nc3 {[%clk 1:31:50]} Bb4 {[%clk 1:31:47]} 4. Bd3
{[%clk 1:32:15]} c5 {[%clk 1:32:01]} 5. a3 {[%clk 1:32:32]} Bxc3+
{[%clk 1:28:22]} 6. bxc3 {[%clk 1:33:00]} Nc6 {[%clk 1:22:08]} 7. dxc5
{[%clk 1:25:39]} Qa5 {[%clk 1:19:06]} 8. Ne2 {[%clk 1:24:51]} Nf6
{[%clk 1:12:03]} 9. exd5 {[%clk 1:22:49]} Nxd5 {[%clk 1:12:10]} 10. O-O
{[%clk 1:22:04]} Qxc5 {[%clk 1:04:10]} 11. a4 {[%clk 1:17:13]} Bd7
{[%clk 0:57:21]} 12. Ba3 {[%clk 1:11:01]} Qa5 {[%clk 0:57:28]} 13. Qb1
{[%clk 0:59:29]} Nxc3 {[%clk 0:34:28]} 14. Nxc3 {[%clk 0:57:18]} Qxc3
{[%clk 0:34:56]} 15. Qxb7 {[%clk 0:53:57]} Rb8 {[%clk 0:35:07]} 16. Qc7
{[%clk 0:53:47]} Rc8 {[%clk 0:33:46]} 17. Qd6 {[%clk 0:52:35]} Qe5
{[%clk 0:32:57]} 18. Ba6 {[%clk 0:47:35]} Rb8 {[%clk 0:29:11]} 19. Rab1
{[%clk 0:37:04]} Qxd6 {[%clk 0:23:17]} 20. Bxd6 {[%clk 0:37:04]} Rxb1
{[%clk 0:23:32]} 21. Rxb1 {[%clk 0:37:30]} Nd8 {[%clk 0:23:43]} 22. a5
{[%clk 0:33:45]} Ba4 {[%clk 0:22:33]} 23. Bc5 {[%clk 0:27:56]} Kd7
{[%clk 0:22:05]} 24. Rb8 {[%clk 0:19:42]} Re8 {[%clk 0:16:40]} 25. Bxa7
{[%clk 0:13:20]} Nc6 {[%clk 0:16:46]} 26. Rxe8 {[%clk 0:08:53]} Kxe8
{[%clk 0:17:03]} 27. Bb6 {[%clk 0:09:22]} Bxc2 {[%clk 0:01:21]} 28. Bb5
{[%clk 0:05:17]} Be4 {[%clk 0:01:48]} 29. a6 {[%clk 0:05:34]} Ke7
{[%clk 0:02:17]} 30. a7 {[%clk 0:05:46]} Ne5 {[%clk 0:01:04]} 31. Bd4
{[%clk 0:05:30]} Nd7 {[%clk 0:00:38]} 32. Be2 {[%clk 0:04:19]} e5
{[%clk 0:00:36]} 33. Bf3 {[%clk 0:04:27]} exd4 {[%clk 0:00:45]} 34. Bxe4
{[%clk 0:04:48]} Nb6 {[%clk 0:01:11]} 35. Kf1 {[%clk 0:04:27]} Kd6
{[%clk 0:01:18]} 36. Ke2 {[%clk 0:04:15]} Ke5 {[%clk 0:01:40]} 37. a8=Q
{[%clk 0:04:34]} Nxa8 {[%clk 0:02:04]} 38. Bxa8 {[%clk 0:05:00]} g5
{[%clk 0:01:48]} 39. g3 {[%clk 0:05:12]} f5 {[%clk 0:02:06]} 40. f3
{[%clk 0:04:51]} h5 {[%clk 0:02:18]} 41. Bc6 {[%clk 0:00:51]} h4 {[%clk 0:01:22]}
42. Kd3 {[%clk 0:29:20]} hxg3 {[%clk 0:30:25]} 43. hxg3 {[%clk 0:29:45]} f4 44.
g4 {[%clk 0:30:03]} 1-0

[Event "V4 OPEN - International Championship of Slovakia 2
[Site "Banska Stiavnica"]
[Date "2013.07.13"]
[Round "8"]
[Board "12"]
[White "Leniart, Arkadiusz"]
[Black "Borosova, Zuzana"]
[Result "1-0"]
[WhiteElo "2473"]
[BlackElo "2265"]
[PlyCount "0"]
[EventDate "2013.07.06"]
[EventRounds "9"]
[EventCountry "SVK"]

1. Nf3 {[%clk 1:30:49]} c5 {[%clk 1:22:26]} 2. e4 {[%clk 1:31:06]} d6
{[%clk 1:22:34]} 3. d4 {[%clk 1:29:57]} cxd4 {[%clk 1:22:59]} 4. Nxd4
{[%clk 1:30:24]} Nf6 {[%clk 1:23:21]} 5. Nc3 {[%clk 1:30:50]} Nc6
{[%clk 1:23:25]} 6. g3 {[%clk 1:23:43]} Bg4 {[%clk 1:06:07]} 7. Nxc6
{[%clk 1:18:53]} Bxd1 {[%clk 0:57:33]} 8. Nxd8 {[%clk 1:19:19]} Bf3
{[%clk 0:57:48]} 9. Nxb7 {[%clk 1:00:26]} Bxh1 {[%clk 0:53:07]} 10. Bb5+
{[%clk 1:00:29]} Nd7 {[%clk 0:53:17]} 11. Ke2 {[%clk 1:00:22]} Bg2
{[%clk 0:40:29]} 12. Be3 {[%clk 0:59:43]} Rb8 {[%clk 0:17:38]} 13. Bc6
{[%clk 0:59:34]} Rc8 {[%clk 0:17:25]} 14. Na5 {[%clk 0:59:17]} g6
{[%clk 0:11:56]} 15. Bd4 {[%clk 0:53:44]} Rg8 {[%clk 0:11:21]} 16. Rg1
{[%clk 0:46:53]} Bh3 {[%clk 0:10:46]} 17. g4 {[%clk 0:47:16]} h5 {[%clk 0:09:54]}
18. gxh5 {[%clk 0:44:54]} Bg7 {[%clk 0:09:37]} 19. Bxg7 {[%clk 0:44:32]} Rxg7
{[%clk 0:09:42]} 20. f4 {[%clk 0:40:09]} Kf8 {[%clk 0:05:38]} 21. Nb5
{[%clk 0:32:00]} Nb8 {[%clk 0:04:53]} 22. Nxa7 {[%clk 0:32:08]} Rc7
{[%clk 0:05:09]} 23. Nb5 {[%clk 0:32:34]} Rc8 {[%clk 0:02:20]} 24. Nd4
{[%clk 0:32:16]} e5 {[%clk 0:02:41]} 25. fxe5 {[%clk 0:29:31]} dxe5
{[%clk 0:03:09]} 26. Bb7 {[%clk 0:29:48]} Rc5 {[%clk 0:02:57]} 27. b4
{[%clk 0:26:32]} Rc3 {[%clk 0:03:25]} 28. Nf3 {[%clk 0:26:09]} Rxc2+
{[%clk 0:03:33]} 29. Kd3 {[%clk 0:25:43]} Rxa2 {[%clk 0:03:52]} 30. Ng5
{[%clk 0:25:42]} gxh5 {[%clk 0:03:46]} 31. Nxh3 {[%clk 0:26:06]} Ra3+
{[%clk 0:04:00]} 32. Kc4 {[%clk 0:26:21]} Rxh3 {[%clk 0:04:24]} 33. Rd1
{[%clk 0:26:48]} Ke7 {[%clk 0:04:32]} 34. Rd2 {[%clk 0:23:11]} Ra3
{[%clk 0:04:42]} 35. Kc5 {[%clk 0:22:17]} Rg6 {[%clk 0:04:24]} 36. Nc4
{[%clk 0:21:42]} Na6+ {[%clk 0:03:16]} 37. Bxa6 {[%clk 0:21:00]} Raxa6
{[%clk 0:03:24]} 38. b5 {[%clk 0:20:42]} Ra8 {[%clk 0:02:47]} 39. Nxe5
{[%clk 0:17:09]} Rg5 {[%clk 0:00:39]} 40. Rd5 {[%clk 0:17:33]} Ke6
{[%clk 0:00:44]} 41. Nc6 {[%clk 0:17:56]} Rxd5+ {[%clk 0:20:22]} 42. exd5+
{[%clk 0:49:21]} Kd7 {[%clk 0:20:41]} 43. b6 {[%clk 0:49:46]} Kc8
{[%clk 0:20:00]} 44. d6 {[%clk 0:50:10]} Ra1 {[%clk 0:17:18]} 45. d7+
{[%clk 0:46:07]} Kxd7 {[%clk 0:17:27]} 46. b7 {[%clk 0:46:33]} Rb1
{[%clk 0:04:45]} 47. b8=Q {[%clk 0:46:50]} Rxb8 {[%clk 0:05:10]} 48. Nxb8+
{[%clk 0:47:16]} Ke6 {[%clk 0:05:35]} 49. Kd4 {[%clk 0:47:41]} Kf5
{[%clk 0:05:57]} 50. Ke3 {[%clk 0:48:05]} Kg4 {[%clk 0:06:25]} 51. Kf2
{[%clk 0:48:31]} Kh3 {[%clk 0:06:50]} 52. Kg1 {[%clk 0:48:57]} f5
{[%clk 0:03:45]} 53. Nc6 {[%clk 0:49:22]} f4 {[%clk 0:04:12]} 54. Ne5
{[%clk 0:49:45]} h4 {[%clk 0:03:44]} 55. Nf3 {[%clk 0:49:39]} Kg4
{[%clk 0:04:08]} 56. Kg2 {[%clk 0:50:05]} h3+ {[%clk 0:04:10]} 57. Kf2
{[%clk 0:50:30]} Kf5 {[%clk 0:04:15]} 58. Ng1 {[%clk 0:50:52]} Kg4
{[%clk 0:04:37]} 59. Ke2 {[%clk 0:51:16]} 1-0

[Event "V4 OPEN - International Championship of Slovakia 2
[Site "Banska Stiavnica"]
[Date "2013.07.13"]
[Round "8"]
[Board "13"]
[White "Likavsky, Tomas"]
[Black "Nayhebaver, Martin"]
[Result "1/2-1/2"]
[WhiteElo "2458"]
[BlackElo "2228"]
[PlyCount "0"]
[EventDate "2013.07.06"]
[EventRounds "9"]
[EventCountry "SVK"]

1. d4 {[%clk 1:30:46]} Nf6 {[%clk 1:30:48]} 2. c4 {[%clk 1:31:09]} g6
{[%clk 1:31:01]} 3. Nc3 {[%clk 1:31:32]} Bg7 {[%clk 1:31:06]} 4. e4
{[%clk 1:31:55]} O-O {[%clk 1:31:18]} 5. h3 {[%clk 1:31:58]} d6 {[%clk 1:31:07]}
6. Bg5 {[%clk 1:32:14]} c5 {[%clk 1:29:47]} 7. d5 {[%clk 1:32:37]} a6
{[%clk 1:21:01]} 8. a4 {[%clk 1:30:44]} e6 {[%clk 1:20:15]} 9. Bd3
{[%clk 1:28:55]} h6 {[%clk 1:13:01]} 10. Be3 {[%clk 1:24:09]} exd5
{[%clk 1:12:09]} 11. exd5 {[%clk 1:24:35]} Nbd7 {[%clk 1:08:20]} 12. Nf3
{[%clk 1:24:48]} Re8 {[%clk 1:08:21]} 13. O-O {[%clk 1:25:11]} Rb8
{[%clk 1:07:00]} 14. Qd2 {[%clk 1:22:14]} Kh7 {[%clk 1:07:03]} 15. Rfe1
{[%clk 1:21:24]} Ne5 {[%clk 1:00:25]} 16. Nxe5 {[%clk 1:21:44]} Rxe5
{[%clk 1:00:50]} 17. Bf4 {[%clk 1:21:54]} Rxe1+ {[%clk 1:01:03]} 18. Rxe1
{[%clk 1:22:21]} b6 {[%clk 1:00:56]} 19. g4 {[%clk 1:19:40]} Rb7 {[%clk 0:57:17]}
20. Qe3 {[%clk 1:19:53]} Bf8 {[%clk 0:52:57]} 21. Qg3 {[%clk 1:19:31]} Re7
{[%clk 0:52:20]} 22. Re2 {[%clk 1:13:36]} Rxe2 {[%clk 0:51:19]} 23. Bxe2
{[%clk 1:14:03]} Qe7 {[%clk 0:46:00]} 24. Bf3 {[%clk 1:10:32]} Bd7
{[%clk 0:41:16]} 25. Kg2 {[%clk 1:09:43]} Ne8 {[%clk 0:40:26]} 26. b3
{[%clk 1:05:09]} Bg7 {[%clk 0:37:28]} 27. Ne4 {[%clk 1:05:14]} Be5
{[%clk 0:37:21]} 28. h4 {[%clk 1:00:07]} a5 {[%clk 0:32:50]} 29. g5
{[%clk 0:54:55]} Bf5 {[%clk 0:26:01]} 30. Nd2 {[%clk 0:52:56]} Bxf4
{[%clk 0:20:16]} 31. Qxf4 {[%clk 0:53:21]} hxg5 {[%clk 0:20:18]} 32. hxg5
{[%clk 0:53:44]} f6 {[%clk 0:19:38]} 33. Qh4+ {[%clk 0:27:39]} Kg7
{[%clk 0:13:57]} 34. Qh6+ {[%clk 0:26:43]} Kg8 {[%clk 0:14:18]} 35. gxf6
{[%clk 0:26:38]} Nxf6 {[%clk 0:14:21]} 36. Nf1 {[%clk 0:26:54]} Ne4
{[%clk 0:07:43]} 1/2-1/2

[Event "V4 OPEN - International Championship of Slovakia 2
[Site "Banska Stiavnica"]
[Date "2013.07.13"]
[Round "8"]
[Board "14"]
[White "Fodor, Tamas Jr."]
[Black "Horvath, Julia"]
[Result "1-0"]
[WhiteElo "2455"]
[BlackElo "2183"]
[PlyCount "0"]
[EventDate "2013.07.06"]
[EventRounds "9"]
[EventCountry "SVK"]

1. d4 {[%clk 1:30:56]} f5 {[%clk 1:30:46]} 2. c4 {[%clk 1:31:21]} Nf6
{[%clk 1:31:11]} 3. Nc3 {[%clk 1:31:47]} d6 {[%clk 1:31:26]} 4. Nf3
{[%clk 1:31:59]} g6 {[%clk 1:31:49]} 5. Bf4 {[%clk 1:32:24]} Bg7 {[%clk 1:30:39]}
6. e3 {[%clk 1:32:49]} e6 {[%clk 1:29:47]} 7. Be2 {[%clk 1:32:56]} Qe7
{[%clk 1:29:41]} 8. h3 {[%clk 1:33:17]} O-O {[%clk 1:29:40]} 9. O-O
{[%clk 1:33:41]} a6 {[%clk 1:24:36]} 10. Bh2 {[%clk 1:30:52]} Nbd7
{[%clk 1:24:11]} 11. Qb3 {[%clk 1:31:08]} Kh8 {[%clk 1:21:18]} 12. Rac1
{[%clk 1:25:36]} c5 {[%clk 1:13:23]} 13. Rfd1 {[%clk 1:25:07]} e5
{[%clk 1:10:44]} 14. dxe5 {[%clk 1:24:31]} dxe5 {[%clk 1:07:32]} 15. Nd5
{[%clk 1:24:26]} Nxd5 {[%clk 1:05:58]} 16. cxd5 {[%clk 1:24:09]} g5
{[%clk 0:52:30]} 17. d6 {[%clk 1:16:02]} Qf6 {[%clk 0:47:47]} 18. Rd5
{[%clk 1:02:11]} f4 {[%clk 0:42:35]} 19. Nd2 {[%clk 0:55:45]} b6 {[%clk 0:32:55]}
20. Bg4 {[%clk 0:54:49]} Qf7 {[%clk 0:29:50]} 21. Nf3 {[%clk 0:51:50]} Bb7
{[%clk 0:25:04]} 22. Rd2 {[%clk 0:52:14]} h6 {[%clk 0:22:45]} 23. Qxf7
{[%clk 0:47:10]} Rxf7 {[%clk 0:23:11]} 24. Be6 {[%clk 0:47:36]} Raf8
{[%clk 0:22:40]} 25. Bxf7 {[%clk 0:48:00]} Rxf7 {[%clk 0:23:07]} 26. Ne1
{[%clk 0:48:24]} Kh7 {[%clk 0:16:12]} 27. Kh1 {[%clk 0:48:44]} Kg6
{[%clk 0:16:33]} 28. Bg1 {[%clk 0:49:09]} e4 {[%clk 0:14:38]} 29. b3
{[%clk 0:48:59]} Be5 {[%clk 0:14:42]} 30. Nc2 {[%clk 0:48:43]} h5
{[%clk 0:14:44]} 31. h4 {[%clk 0:46:57]} f3 {[%clk 0:09:05]} 32. Ne1
{[%clk 0:46:01]} g4 {[%clk 0:09:03]} 33. Bh2 {[%clk 0:46:11]} g3 {[%clk 0:08:48]}
34. Bg1 {[%clk 0:46:29]} Nf6 {[%clk 0:06:46]} 35. Rcd1 {[%clk 0:43:45]} Ng4
{[%clk 0:03:29]} 36. d7 {[%clk 0:42:56]} Bc7 {[%clk 0:02:56]} 37. Nc2
{[%clk 0:35:44]} Bd8 {[%clk 0:02:10]} 38. Rf1 {[%clk 0:33:31]} gxf2
{[%clk 0:00:49]} 39. Bxf2 {[%clk 0:33:50]} Kg7 {[%clk 0:00:38]} 40. Rd6
{[%clk 0:31:45]} Kf8 {[%clk 0:00:36]} 41. Kg1 {[%clk 0:23:44]} Ke7
{[%clk 0:28:40]} 42. Rfd1 {[%clk 0:54:52]} Rg7 {[%clk 0:24:56]} 43. Bg3
{[%clk 0:50:48]} Nf6 {[%clk 0:22:25]} 44. Kh2 {[%clk 0:51:05]} Rg8
{[%clk 0:19:21]} 45. Bf4 {[%clk 0:42:42]} Rxg2+ {[%clk 0:15:12]} 46. Kh1
{[%clk 0:42:56]} Rg7 {[%clk 0:04:55]} 47. Bg5 {[%clk 0:40:21]} Rg6
{[%clk 0:04:33]} 48. a4 {[%clk 0:39:29]} Kf7 {[%clk 0:03:19]} 49. Na3
{[%clk 0:39:17]} f2 {[%clk 0:01:23]} 50. Kg2 {[%clk 0:39:27]} Ng4
{[%clk 0:01:33]} 51. Rxg6 {[%clk 0:39:49]} Kxg6 {[%clk 0:01:46]} 52. Rd6+
{[%clk 0:40:03]} 1-0

[Event "V4 OPEN - International Championship of Slovakia 2
[Site "Banska Stiavnica"]
[Date "2013.07.13"]
[Round "8"]
[Board "15"]
[White "Mukashev, Assan"]
[Black "Manik, Mikulas"]
[Result "1/2-1/2"]
[WhiteElo "2247"]
[BlackElo "2412"]
[PlyCount "0"]
[EventDate "2013.07.06"]
[EventRounds "9"]
[EventCountry "SVK"]

1. d4 {[%clk 1:30:57]} c5 {[%clk 1:30:47]} 2. Nf3 {[%clk 1:30:21]} g6
{[%clk 1:27:55]} 3. g3 {[%clk 1:29:56]} Bg7 {[%clk 1:27:09]} 4. Bg2
{[%clk 1:30:19]} cxd4 {[%clk 1:19:29]} 5. Nxd4 {[%clk 1:30:23]} Qa5+
{[%clk 1:18:57]} 6. Nc3 {[%clk 1:28:55]} Nf6 {[%clk 1:18:46]} 7. O-O
{[%clk 1:29:07]} O-O {[%clk 1:18:57]} 8. Nb3 {[%clk 1:26:57]} Qd8
{[%clk 1:17:27]} 9. a4 {[%clk 1:25:05]} a5 {[%clk 1:09:51]} 10. Nc5
{[%clk 1:14:27]} Qc7 {[%clk 1:07:41]} 11. Nd3 {[%clk 1:14:29]} Nc6
{[%clk 1:05:20]} 12. h3 {[%clk 1:11:03]} d5 {[%clk 1:02:35]} 13. Nb5
{[%clk 1:09:22]} Qd8 {[%clk 0:49:10]} 14. c3 {[%clk 1:06:01]} e5 {[%clk 0:46:33]}
15. Be3 {[%clk 1:06:13]} Be6 {[%clk 0:30:25]} 16. Bc5 {[%clk 0:57:18]} Re8
{[%clk 0:26:21]} 17. Kh2 {[%clk 0:57:35]} Ne4 {[%clk 0:25:51]} 18. Ba3
{[%clk 0:57:18]} f5 {[%clk 0:25:22]} 19. Bxe4 {[%clk 0:55:11]} fxe4
{[%clk 0:17:43]} 20. Nc5 {[%clk 0:55:38]} Bc8 {[%clk 0:12:29]} 21. Qb3
{[%clk 0:55:56]} b6 {[%clk 0:11:21]} 22. Nxe4 {[%clk 0:55:22]} Be6
{[%clk 0:11:26]} 23. Ned6 {[%clk 0:54:57]} d4 {[%clk 0:10:43]} 24. Qc2
{[%clk 0:55:00]} Rf8 {[%clk 0:10:12]} 25. Qe4 {[%clk 0:48:43]} Qd7
{[%clk 0:09:17]} 1/2-1/2

[Event "V4 OPEN - International Championship of Slovakia 2
[Site "Banska Stiavnica"]
[Date "2013.07.13"]
[Round "8"]
[Board "16"]
[White "Macak, Stefan"]
[Black "Dowgird, Filip"]
[Result "1-0"]
[WhiteElo "2374"]
[BlackElo "2154"]
[PlyCount "0"]
[EventDate "2013.07.06"]
[EventRounds "9"]
[EventCountry "SVK"]

1. e4 {[%clk 1:19:23]} e6 {[%clk 1:30:06]} 2. d4 {[%clk 1:19:19]} d5
{[%clk 1:30:27]} 3. e5 {[%clk 1:19:42]} c5 {[%clk 1:30:51]} 4. Qg4
{[%clk 1:20:09]} cxd4 {[%clk 1:30:41]} 5. Nf3 {[%clk 1:19:45]} Nc6
{[%clk 1:30:49]} 6. Bd3 {[%clk 1:19:42]} Qa5+ {[%clk 1:29:35]} 7. Nbd2
{[%clk 1:13:40]} Qc7 {[%clk 1:29:57]} 8. O-O {[%clk 1:11:19]} h5 {[%clk 1:25:15]}
9. Qf4 {[%clk 1:07:05]} Be7 {[%clk 1:22:30]} 10. Re1 {[%clk 1:01:33]} Bd7
{[%clk 1:19:50]} 11. Nb3 {[%clk 0:56:15]} Nb4 {[%clk 1:17:38]} 12. Nbxd4
{[%clk 0:55:06]} Nxd3 {[%clk 1:18:03]} 13. cxd3 {[%clk 0:55:24]} Nh6
{[%clk 1:17:59]} 14. Bd2 {[%clk 0:53:29]} Qb6 {[%clk 1:18:02]} 15. b4
{[%clk 0:46:19]} g5 {[%clk 1:13:10]} 16. Nxg5 {[%clk 0:38:32]} Bxg5
{[%clk 1:12:44]} 17. Qxg5 {[%clk 0:38:34]} Qxd4 {[%clk 1:13:05]} 18. Qf6
{[%clk 0:34:09]} Rg8 {[%clk 1:13:30]} 19. Bxh6 {[%clk 0:33:02]} Qg4
{[%clk 1:13:52]} 20. g3 {[%clk 0:32:20]} Bc6 {[%clk 1:12:56]} 21. d4
{[%clk 0:25:38]} Qxd4 {[%clk 1:00:30]} 22. b5 {[%clk 0:25:11]} Bxb5
{[%clk 1:00:38]} 23. Rab1 {[%clk 0:24:30]} Bc6 {[%clk 1:01:04]} 24. Bg5
{[%clk 0:23:49]} Qc5 {[%clk 0:59:29]} 25. Rec1 {[%clk 0:22:28]} Qf8
{[%clk 0:59:57]} 26. h4 {[%clk 0:20:50]} Kd7 {[%clk 0:59:09]} 27. Qf4
{[%clk 0:18:13]} Rc8 {[%clk 0:58:45]} 28. Qd4 {[%clk 0:16:30]} b6
{[%clk 0:55:39]} 29. a4 {[%clk 0:15:58]} Rc7 {[%clk 0:51:02]} 30. Rc3
{[%clk 0:12:05]} Qg7 {[%clk 0:49:32]} 31. a5 {[%clk 0:07:57]} Rb8
{[%clk 0:47:54]} 32. axb6 {[%clk 0:04:25]} Rxb6 {[%clk 0:48:05]} 33. Rxb6
{[%clk 0:04:16]} axb6 {[%clk 0:48:33]} 34. Kh2 {[%clk 0:03:47]} Qf8
{[%clk 0:45:44]} 35. Qxb6 {[%clk 0:03:58]} d4 {[%clk 0:45:07]} 36. Qxd4+
{[%clk 0:04:02]} Bd5 {[%clk 0:45:12]} 37. Qa4+ {[%clk 0:03:22]} Kc8
{[%clk 0:45:31]} 38. Ra3 {[%clk 0:01:58]} Qc5 {[%clk 0:44:06]} 39. Qe8+
{[%clk 0:01:50]} Kb7 {[%clk 0:44:29]} 40. Qa8+ {[%clk 0:01:30]} Kb6
{[%clk 0:44:58]} 41. Qa6# 1-0